箱根駅伝のルート上にある市区町村 - Statistics

General Stats
  • This quiz has been taken 48 times
  • The average score is 14 of 14
Answer Stats
Answer % Correct
横浜市
100%
千代田区
98%
港区
98%
品川区
98%
大田区
98%
川崎市
98%
藤沢市
98%
茅ヶ崎市
98%
平塚市
98%
二宮町
98%
小田原市
98%
箱根町
98%
大磯町
91%
中央区
91%
No matching quizzes found
Score Distribution
Percent of People with Each Score
Percentile by Number Answered
Your Score History
You have not taken this quiz